[Event "London Classic op 10th"]
[Site "London"]
[Date "2018.12.11"]
[Round "3"]
[White "Day, Christopher"]
[Black "Ellis, Bryan Timothy"]
[Result "1-0"]
[WhiteElo "1761"]
[BlackElo "1263"]
[PlyCount "59"]
[EventDate "2018.12.09"]
[EventType "swiss"]
[EventRounds "9"]
[EventCountry "ENG"]
[SourceTitle "CBM 187 Extra"]
[Source "ChessBase"]
[SourceDate "2018.11.04"]
[SourceVersion "1"]
[SourceVersionDate "2018.11.04"]
[SourceQuality "1"]

1. d4 d5 2. c4 c6 3. Nf3 Nf6 4. e3 Bf5 5. Nc3 e6 6. Nh4 Bg6 7. Be2 Bb4 8. Nxg6 hxg6 9. Qb3 Qc7 10. Qxb4 Na6 11. Qb3 Rb8 12. h3 Qe7 13. cxd5 Nc7 14. dxc6 b6 15. 0-0 0-0 16. e4 Qd8 17. Rd1 a6 18. Bf4 b5 19. a3 Qe7 20. Bf3 Nfe8 21. d5 e5 22. Be3 Nd6 23. Ba7 Ra8 24. Bc5 Rfd8 25. a4 Rab8 26. axb5 Ncxb5 27. Nxb5 Rxb5 28. Qa3 Ra8 29. Bxd6 Qd8 30. Bxe5 1-0